Catálogo

HUAXTECOS Y TOTONACOS : (Registro nro. 57858)

Detalles MARC
000 -LEADER
fixed length control field 01170nam a2200217 a 4500
001 - CONTROL NUMBER
control field 57858
005 - DATE AND TIME OF LATEST TRANSACTION
control field 20180714054222.0
008 - FIXED-LENGTH DATA ELEMENTS--GENERAL INFORMATION
fixed length control field 140415s1989 mx 000 0 spa d
020 ## - INTERNATIONAL STANDARD BOOK NUMBER
International Standard Book Number 9682924669
041 ## - LANGUAGE CODE
Language code of text/sound track or separate title spa
082 ## - DEWEY DECIMAL CLASSIFICATION NUMBER
Classification number 972.004
Item number OCH
100 1# - MAIN ENTRY--PERSONAL NAME
Personal name OCHOA, LORENZO
245 10 - TITLE STATEMENT
Title HUAXTECOS Y TOTONACOS :
Remainder of title UNA ANTOLOGIA HISTORICO - CULTURAL
250 ## - EDITION STATEMENT
Edition statement 1a ed.
260 ## - PUBLICATION, DISTRIBUTION, ETC.
Place of publication, distribution, etc. MEXICO :
Name of publisher, distributor, etc. CONSEJO NACIONAL PARA LA CULTURA Y LAS ARTES,
Date of publication, distribution, etc. 1989
300 ## - PHYSICAL DESCRIPTION
Extent 207
Dimensions 13.3 x 1.7 x 21
490 ## - SERIES STATEMENT
Series statement PASO DEL NORTE
500 ## - GENERAL NOTE
General note LORENZO OCHOA HACE LA PRESENTACIÓN, INTRODUCCION Y SELECCION
520 ## - SUMMARY, ETC.
Summary, etc. ANTOLOGIA DIRIGIDA A UN PUBLICO NO ESPECIALIZADO . CONTIENE DISTINTOS TEXTOS SOBRE LA HISTORIA Y LA CULTURA DE HUAXTECOS Y TOTONACOS . EL PROPOSITO DE ESTE LIBRO ES AYUDAR A ENTENDER LA REALIDAD PRESENTE A TRAVES DE SUS TRANSFORMACIONES . TRATANDO DE LOGRAR MAS QUE UNA COLECCION DE ESCRITOS DESARTICULADOS, EL AUTOR INCLUYE TEXTOS REFERENTES A TEPEHUAS, OTOMIS Y NAHUAS AVECINADOS ENTRE HUAXTECOS Y TOTONACOS Y AUN MAS OLVIDADDOS QUE ELLOS.
650 14 - SUBJECT ADDED ENTRY--TOPICAL TERM
Topical term or geographic name entry element INDIGENAS DE MEXICO
General subdivision HISTORIA
-- HUAXTECOS
-- MEXICO
-- HISTORIA
-- INDIGENAS DE MEXICO
-- VERACRUZ
Existencias
Withdrawn status Lost status Source of classification or shelving scheme Damaged status Not for loan Collection code Home library Current library Shelving location Date acquired Source of acquisition Inventory number Total Checkouts Full call number Barcode Date last seen Price effective from Koha item type
    Dewey Decimal Classification     General Biblioteca Karol Wojtyla Biblioteca Karol Wojtyla Sala general 03/12/2013 Compra 151000000000000000037468   972.004 OCH 87348 05/01/2026 03/12/2013 Libro